000 00688nam a2200289Ia 4500
005 20260324131953.0
008 008 260324s9999 xx 000 0 eng d
020 _a9781315851242
037 _aEBOOK
040 _aCRL
040 _beng
040 _cCRL
041 _2eng
041 _aeng
084 _qCRL
100 _aAnnette L. Breaux
_91187543
245 0 _aPersonal Achievement Log (PAL)
245 0 _b10 Days of Maximum Teaching Success
260 _bTaylor and Francis
260 _c2005
365 _a
365 _b290
856 _uhttp://www.taylorfrancis.com/books/9781315851242
942 _cEBOOK
999 _c1785173
_d1785173